| Tag |
First Indicator |
Second Indicator |
Subfields |
| LEADER |
00000cam a2200000 a 4500 |
| 001 |
in00002781954 |
| 006 |
m d |
| 007 |
cr cn||||||||| |
| 008 |
120329s2013 paua ob 001 0 eng d |
| 005 |
20250816212742.1 |
| 010 |
|
|
|z 2012005367
|
| 020 |
|
|
|z 9781466619210 (hardcover)
|
| 020 |
|
|
|z 9781466619234 (print & perpetual access)
|
| 020 |
|
|
|z 9781466619227 (e-book)
|
| 035 |
|
|
|a (CaPaEBR)ebr10580612
|
| 035 |
|
|
|a (OCoLC)808345450
|
| 040 |
|
|
|a CaPaEBR
|c CaPaEBR
|d UtOrBLW
|
| 050 |
1 |
4 |
|a QC665.T7
|b E34 2013eb
|
| 082 |
0 |
4 |
|a 621.31/4
|2 23
|
| 245 |
0 |
0 |
|a Electromagnetic transients in transformer and rotating machine windings /
|c [edited by] Charles Q. Su.
|
| 264 |
|
1 |
|a Hershey, Pa. :
|b Information Science Reference,
|c 2013.
|
| 300 |
|
|
|a 1 online resource (xvii, 568 pages) :
|b illustrations
|
| 336 |
|
|
|a text
|b txt
|2 rdacontent
|
| 337 |
|
|
|a computer
|b c
|2 rdamedia
|
| 338 |
|
|
|a online resource
|b cr
|2 rdacarrier
|
| 504 |
|
|
|a Includes bibliographical references and index.
|
| 505 |
0 |
|
|a section 1. Basic theories -- section 2. Modelling -- section 3. Applications.
|
| 520 |
|
|
|a "This book explores relevant theoretical frameworks, the latest empirical research findings, and industry-approved techniques in this field of electromagnetic transient phenomena"--Provided by publisher.
|
| 500 |
|
|
|a Electronic resource.
|
| 650 |
|
0 |
|a Electromagnetic waves
|x Transmission.
|
| 650 |
|
0 |
|a Electromagnetic waves
|x Research.
|
| 655 |
|
7 |
|a Electronic books.
|2 local
|
| 700 |
1 |
|
|a Su, Qi.
|
| 710 |
2 |
|
|a ebrary, Inc.
|
| 856 |
4 |
0 |
|u https://ebookcentral.proquest.com/lib/tamucs/detail.action?docID=3312189
|y Connect to the full text of this electronic book
|t 0
|
| 980 |
|
|
|a 120918
|b 195
|c USD
|e 292.5
|f YBP_EBR0000042581
|g 1
|
| 999 |
f |
f |
|s e91fd291-6cb0-3cb8-8816-651cd1b98273
|i 26224ae8-ece6-3203-a0ff-7b900fd03c25
|t 0
|
| 999 |
|
|
|a MARS
|
| 952 |
f |
f |
|a Texas A&M University
|b College Station
|c Electronic Resources
|d Available Online
|t 0
|e QC665.T7 E34 2013eb
|h Library of Congress classification
|
| 998 |
f |
f |
|a QC665.T7 E34 2013eb
|t 0
|l Available Online
|